|
|
|
|
| LEADER |
00000nam a2200000 a 4500 |
| 005 |
20121001181359.0 |
| 007 |
cr|||| |||| |
| 008 |
070927s2007 sp |||||| 000 ||spa|| |
| 020 |
|
|
|a 9788496721265
|
| 035 |
|
|
|a 5871
|
| 040 |
|
|
|a vLex
|
| 043 |
|
|
|a e-sp---
|b e-sp---
|2 catmarc
|
| 090 |
|
|
|c 3497
|d 3497
|
| 100 |
1 |
|
|a Rivas Vallejo, Ma. Pilar
|
| 245 |
1 |
3 |
|a La Suspensin̤ del contrato de trabajo
|h [Recurso electrn̤ico] :
|b naturaleza jurd̕ica y supuestos legales /
|c Pilar Rivas Vallejo
|
| 256 |
|
|
|a Servicio en ln̕ea
|
| 260 |
|
|
|a Albacete :
|b Bomarzo,
|c 2007
|
| 300 |
|
|
|a 1 recurso electrn̤ico
|
| 504 |
|
|
|a Bibliografa̕
|
| 506 |
1 |
|
|a Contenido solo disponible en los productos indicados
|d vLex Global
|d vLex Global (Academic Edition, excluding Law Schools)
|d vLex Global (U.S. Academic Edition, Law Schools)
|d vLex Global (U.S. Academic Edition, excluding Law Schools)
|d vLex Global (Academic Edition, Law Schools)
|
| 650 |
0 |
4 |
|a Extincin̤ de les obligaciones contractuales
|z Espaą
|
| 650 |
0 |
4 |
|a Contratos de trabajo
|z Espaą
|
| 650 |
0 |
4 |
|a Trabajadores
|x Despido
|z Espaą
|
| 650 |
0 |
4 |
|a Contratos de trabajo
|x Extincin̤
|z Espaą
|x Aspectos legales
|
| 740 |
0 |
|
|a vLex Libros (servicio en ln̕ea)
|
| 830 |
|
0 |
|a Estudios (Bomarzo)
|
| 856 |
4 |
0 |
|u http://vlex.com/source/suspension-contrato-trabajo-5871
|z Acceso restringido
|
| 942 |
|
|
|c BOOK
|
| 999 |
0 |
|
|a Labor contract
|
| 999 |
0 |
|
|a Working class
|